Guess the random Taylor Swift Song Lyrics 79 - Statistics

General Stats
  • This quiz has been taken 9 times
  • The average score is 376 of 482
Answer Stats
Answer % Correct
I
100%
(I)
100%
love
100%
the
100%
The
100%
time
100%
time"
100%
to
100%
(to)
100%
too
100%
you
100%
(you)
100%
(you
100%
your
100%
(your
100%
you're
100%
You're
100%
a
88%
and
88%
And
88%
be
88%
been
88%
Don't
88%
ever
88%
Every
88%
every
88%
for
88%
For
88%
gone
88%
gonna
88%
If
88%
(if)
88%
I'll
88%
(I'll
88%
I'm
88%
in
88%
is
88%
it
88%
I've
88%
life
88%
made
88%
me
88%
my
88%
My
88%
no)
88%
of
88%
on
88%
say
88%
so
88%
them
88%
They
88%
this
88%
was
88%
ain't
75%
but
75%
doesn't
75%
far
75%
from
75%
get
75%
mine
75%
now
75%
Oh
75%
(oh)
75%
oh
75%
right
75%
right)
75%
"She's
75%
would
75%
(would)
75%
baby
63%
baby)
63%
blame
63%
breakin'
63%
crazy
63%
doin'
63%
(doin'
63%
drug
63%
first
63%
hearts
63%
I'd
63%
Just
63%
just
63%
(just)
63%
long
63%
Lord
63%
lose
63%
lovin'
63%
mind
63%
need
63%
rest
63%
save
63%
Something
63%
usin'
63%
Usin'
63%
usin')
63%
with
63%
decide
50%
guys
50%
happened
50%
high
50%
name
50%
once
50%
touch
50%
touchin'
50%
whatever
50%
(yeah
50%
away
38%
beg
38%
call
38%
cross
38%
daisy
38%
darkest
38%
Echoes
38%
(Echoes)
38%
face
38%
insane
38%
ivy
38%
knees
38%
line
38%
older
38%
ooh)
38%
(ooh)
38%
paradise
38%
poison
38%
stay
38%
Toyin'
38%
Trip
38%
use
38%
walk
38%
waste
38%
fall
25%
grace
25%
Halo
25%
hiding
25%
inside
25%
little
25%
obsession
25%
pacin'
25%
playthings
25%
Shakin'
25%
No matching quizzes found
Score Distribution
Percent of People with Each Score
Percentile by Number Answered
Your Score History
You have not taken this quiz